Ferris Bueller's Day Off - Statistics

General Stats
  • This quiz has been taken 785 times
  • The average score is 7 of 13
Answer Stats
Hint Answer % Correct
How many times has Ferris been sick this year? 9
91%
What did Ferris want as a present, but got a computer instead? Car
86%
"Life moves pretty fast. If you don't stop and look around once in a while, you could ___ __." Miss it
81%
What kind of car does Ferris "borrow"? Ferrari
75%
What's the second song Ferris sings on the float? Twist and shout
71%
Who played the role of Ferris Bueller? Matthew Broderick
58%
What's Sloan's last name? Peterson
53%
What's the name of the principal? Ed Rooney
44%
What's Cameron's last name? Frye
44%
What's Ferris' sister's name? Jeanie
43%
The sausage king of Chicago, Ferris' alter ego Abe Froman
36%
Who does Ferris and the gang run into at the restaurant? Ferris' Dad
30%
Who's death is faked in order to get Sloan out of school? Grandmoter
3%
No matching quizzes found
Score Distribution
Percent of People with Each Score
Percentile by Number Answered
Your Score History
You have not taken this quiz